00398nam a2200181Ia 4500008004100000041001200041082001100053100002000064245002300084260000900107365000600116520001200122546001200134630002300146650001200169655001200181730002300193101110s9999 xx 000 0 und d aENGLISH bJR3746 aMitra Premendra aWhen the Ants Came c1978 b8 aEnglish aENGLISH aWhen the Ants Came aEnglish aEnglish aWhen the Ants Came